000 00499nam a2200205Ia 4500
003 OSt
005 20140318135127.0
008 140130s9999 xx 000 0 und d
020 _a043914034X
050 _aTL 230.15
_b.St78 2000
100 _aSturges, Philemon
245 _aI love trucks! /
_cPhilemon Sturges.
260 _bScholastic,
_a2000.
_cNew York :
300 _a30 p. :
_bcol. ill. ;
_c23 cm.
440 _v1
521 _aBR
526 _cBR
942 _cBK
_2lcc
999 _c41511
_d41511